Heimspielstätten von Fussballvereinen - Satellitenfotos #1 - Statistiken

Allgemein
  • Dieses Quiz wurde 131 mal gespielt
  • Das Durchschnittsergebnis liegt bei 4 aus 8
Antwortstatistiken
Bildquiz Antwort % Korrekt
Schalke 04
95%
Bayern München
83%
Mainz 05
64%
VFB Stuttgart
58%
Nürnberg
50%
St. Pauli
20%
Preußen Münster
19%
Hansa Rostock
6%
Keine übereinstimmenden Quizze gefunden
Verteilung der Resultate
Anzahl Personen mit jedem Resultat
Perzentil nach korrekt beantworteten Fragen
Ihre Resultats-Entwicklung
Sie haben dieses Quiz noch nicht gespielt